Переселение крестьян в Алтайский округ (1865-1899 гг.); Труды Томского государственного университета; Т. 190
| Parent link: | Труды Томского государственного университета/ Томский государственный университет (ТГУ) ; отв. ред. В. Т. Макаров.— , 1932- Т. 190.— 1967.— С. 71-88 |
|---|---|
| Autor principal: | |
| Sumari: | Библиогр. в подстроч. примеч. В фонде НТБ ТПУ отсутствует |
| Idioma: | rus |
| Publicat: |
1967
|
| Matèries: | |
| Format: | MixedMaterials Capítol de llibre |
| KOHA link: | https://koha.lib.tpu.ru/cgi-bin/koha/opac-detail.pl?biblionumber=590745 |
MARC
| LEADER | 00000naa2a2200000 4500 | ||
|---|---|---|---|
| 001 | 590745 | ||
| 005 | 20250623112559.0 | ||
| 035 | |a (RuTPU)RU\TPU\tpu\128 | ||
| 035 | |a TPU00000128 | ||
| 090 | |a 590745 | ||
| 100 | |a 20011210d1967 k y0rusy50 ca | ||
| 101 | 0 | |a rus | |
| 102 | |a RU | ||
| 200 | 1 | |a Переселение крестьян в Алтайский округ (1865-1899 гг.) |f Н. К. Томилова | |
| 300 | |a Библиогр. в подстроч. примеч. | ||
| 333 | |a В фонде НТБ ТПУ отсутствует | ||
| 461 | 1 | |0 (RuTPU)RU\TPU\book\211718 |t Труды Томского государственного университета |f Томский государственный университет (ТГУ) ; отв. ред. В. Т. Макаров |d 1932- | |
| 463 | 1 | |t Т. 190 |v С. 71-88 |d 1967 | |
| 610 | 1 | |a история | |
| 610 | 1 | |a Алтайский округ | |
| 610 | 1 | |a крестьяне | |
| 610 | 1 | |a переселение | |
| 610 | 1 | |a труды учёных ТПУ | |
| 700 | 1 | |a Томилова |b Н. К. | |
| 801 | 0 | |a RU |b 63413507 |c 20011210 |g PSBO | |
| 801 | 2 | |a RU |b 63413507 |c 20221215 |g PSBO | |
| 850 | |a 63413507 | ||
| 942 | |c CR | ||